Normal view
MARC view
- تأليف مرار، فيصل فخري / م. مشارك عدنان الهندي
Entry Personal Name
001 - CONTROL NUMBER
- control field: 40555
003 - CONTROL NUMBER IDENTIFIER
- control field: JO-AjAnu
005 - DATE AND TIME OF LATEST TRANSACTION
- control field: 20230606080733.0
008 - FIXED-LENGTH DATA ELEMENTS
- fixed length control field: 230606|| aca||aabn | a|a d
040 ## - CATALOGING SOURCE
- Original cataloging agency: JO-AjAnu
- Transcribing agency: JO-AjAnu
100 ## - HEADING--PERSONAL NAME
- Personal name: تأليف مرار، فيصل فخري / م. مشارك عدنان الهندي
670 ## - SOURCE DATA FOUND
- Source citation: Work cat.: (JO-AjAnu)20789: تأليف مرار، فيصل فخري / م. مشارك عدنان الهندي, author, مبادىء الادارة المالية العامة واقتصادياتها ج1 : مصادر الاموال العامة واستخداماتها